Schumann por él mismo / (Record no. 140266)

MARC details
000 -LEADER
campo de control de longitud fija 00646nam a2200217 4500
001 - NÚMERO DE CONTROL
campo de control 140266
003 - IDENTIFICADOR DE NÚMERO DE CONTROL
campo de control ES-MaACL
005 - FECHA Y HORA DE LA ÚLTIMA TRANSACCIÓN
campo de control 20230906200038.0
007 - CAMPO FIJO DE DESCRIPCIÓN FÍSICA--INFORMACIÓN GENERAL
campo de control de longitud fija t|
008 - DATOS DE LONGITUD FIJA--INFORMACIÓN GENERAL
campo de control de longitud fija 070214s1955 sp r ||||1| spa d
100 1# - ENTRADA PRINCIPAL--NOMBRE DE PERSONA
Nombre de persona Schumann, Robert.
9 (RLIN) 104812
245 10 - MENCIÓN DEL TÍTULO
Título Schumann por él mismo /
Mención de responsabilidad, etc. Robert Schumann ; traducción y adaptación de José María Borrás.
250 ## - MENCION DE EDICION
Mención de edición 2ª. ed.
260 ## - PUBLICACIÓN, DISTRIBUCIÓN, ETC.
Lugar de publicación, distribución, etc. Barcelona :
Nombre del editor, distribuidor, etc. Ave,
Fecha de publicación, distribución, etc. 1955.
300 ## - DESCRIPCIÓN FÍSICA
Extensión 230 p., 6 lám. ;
Dimensiones 16 cm.
490 1# - MENCIÓN DE SERIE
Mención de serie Col. Mozart
700 1# - ENTRADA AGREGADA--NOMBRE PERSONAL
Nombre de persona Borrás i Codina, Josep M.
9 (RLIN) 30565
830 0# - PUNTO DE ACCESO ADICIONAL DE SERIE-TÍTULO UNIFORME
Título uniforme Col. Mozart
9 (RLIN) 220312
852 ## - LOCALIZACIÓN
Ubicación ES-MaACL
Número de control de estantería C-10121
Sublocalización o colección R.37989
Holdings
Estatus retirado Estado de pérdida Estado de daño No para préstamo Biblioteca de origen Biblioteca actual Ubicación en estantería Fecha de adquisición Fuente de adquisición Total de préstamos Signatura topográfica completa Código de barras Visto por última vez Precio de reemplazo Tipo de ítem Koha
        Biblioteca del Ateneo de Madrid Biblioteca del Ateneo de Madrid Sala Palomar 17/01/2008     C-10121 1145965 23/02/2023 23/02/2023 Libro impreso